|
|
|
|
| LEADER |
01877nam a2200457 i 4500 |
| 001 |
EBC4830570 |
| 003 |
MiAaPQ |
| 005 |
20200520144314.0 |
| 006 |
m o d | |
| 007 |
cr cnu|||||||| |
| 008 |
170419t20172017gw a ob 001 0 eng d |
| 020 |
|
|
|z 9783110469806
|
| 020 |
|
|
|a 9783110470215
|q (electronic bk.)
|
| 020 |
|
|
|a 9783110469899
|q (electronic bk.)
|
| 035 |
|
|
|a (MiAaPQ)EBC4830570
|
| 035 |
|
|
|a (Au-PeEL)EBL4830570
|
| 035 |
|
|
|a (CaPaEBR)ebr11369156
|
| 035 |
|
|
|a (CaONFJC)MIL1003097
|
| 035 |
|
|
|a (OCoLC)980742600
|
| 040 |
|
|
|a MiAaPQ
|b eng
|e rda
|e pn
|c MiAaPQ
|d MiAaPQ
|
| 050 |
|
4 |
|a BJ1031
|b .T736 2017
|
| 082 |
0 |
|
|a 170
|2 23
|
| 245 |
0 |
0 |
|a Transcendental arguments in moral theory /
|c edited by Jens Peter Brune, Robert Stern and Micha H. Werner.
|
| 264 |
|
1 |
|a Berlin, [Germany] ;
|a Boston, [Massachusetts] :
|b De Gruyter,
|c 2017.
|
| 264 |
|
4 |
|c 2017
|
| 300 |
|
|
|a 1 online resource (366 pages) :
|b illustrations
|
| 336 |
|
|
|a text
|2 rdacontent
|
| 337 |
|
|
|a computer
|2 rdamedia
|
| 338 |
|
|
|a online resource
|2 rdacarrier
|
| 504 |
|
|
|a Includes bibliographical references at the end of each chapters and index.
|
| 588 |
|
|
|a Description based on print version record.
|
| 590 |
|
|
|a Electronic reproduction. Ann Arbor, MI : ProQuest, 2016. Available via World Wide Web. Access may be limited to ProQuest affiliated libraries.
|
| 650 |
|
0 |
|a Ethics.
|
| 650 |
|
0 |
|a Transcendentalism.
|
| 655 |
|
4 |
|a Electronic books.
|
| 700 |
1 |
|
|a Brune, Jens Peter,
|e editor.
|
| 700 |
1 |
|
|a Stern, Robert,
|e editor.
|
| 700 |
1 |
|
|a Werner, Micha H.,
|e editor.
|
| 776 |
0 |
8 |
|i Print version:
|t Transcendental arguments in moral theory.
|d Berlin, [Germany] ; Boston, [Massachusetts] : De Gruyter, c2017
|h vii, 357 pages
|z 9783110469806
|w 2017009229
|
| 797 |
2 |
|
|a ProQuest (Firm)
|
| 856 |
4 |
0 |
|u https://ebookcentral.proquest.com/lib/matrademy/detail.action?docID=4830570
|z Click to View
|